000 01452nam a22002057a 4500
005 20260406143635.0
008 260406b |||||||| |||| 00| 0 eng d
020 _a9780074624777
040 _cAL
041 _aEnglish
082 _a621.381
_bBHAI
100 _aS K Bhattacharya and others
_9260297
245 _aIndustrial electronics and control
260 _aChennai
_bMc Graw hill education education India Pvt Ltd
_c2019
300 _a649 p.
_bPB
_c23x15 cm.
365 _aVBI-2645
_b₹558.75
_c
_d₹745.00
_e25%
_f20-02-2026
520 _aThis book is designed keeping in view the syllabi of various states for the course in Industrial Electronics adn control. It is presently the only book that covers the complete course requirement at the diploma lovel Written in a comprehensive adn lucid manner, this book deals with the principle of operation and applications of both teh magnetic control devices as well as the electronic control devices as well as the electronic control devices, using thyristors. Apart from the control systems the book deals with semiconductor physics, applications of thyristor based control devices adn industrial circuits. It also explains electronic control of heating, welding and solid state motor control circuits, these circuits have been verified and tested by experts, in the laboratory.
650 _aEmerging use of Microprocessors in industrial Electronics discussed
_9260298
942 _2ddc
_cBK
999 _c241139
_d241139